| 000 | 01303nam a22003737a 4500 | ||
|---|---|---|---|
| 001 | 15034930 | ||
| 003 | OSt | ||
| 005 | 20210421064444.0 | ||
| 008 | 071004r20071982wiua b s001 0beng | ||
| 010 | _a 2007279756 | ||
| 020 | _a0879721979 | ||
| 020 | _a9780879721985 (pbk.) | ||
| 020 | _a0879721987 (pbk.) | ||
| 040 |
_aeng _cDLC _deng _beng |
||
| 050 | 0 | 0 |
_aPR4623 _b.L54 2007 |
| 080 |
_a92 _bL-69 |
||
| 082 | 0 | 0 |
_a823/.8 _222 |
| 100 | 1 | _aLiebow, Ely. | |
| 245 | 1 | 0 |
_aDr. Joe Bell : _bmodel for Sherlock Holmes / _cEly Liebow. |
| 260 |
_aMadison, Wis. : _bPopular Press, _cc2007. |
||
| 300 |
_axv, 269 p. : _bill. ; _c23 cm. |
||
| 504 | _aIncludes bibliographical references (p. 242-246) and index. | ||
| 600 | 1 | 0 |
_aDoyle, Arthur Conan, _d1859-1930 _xFriends and associates. |
| 600 | 1 | 0 |
_aDoyle, Arthur Conan, _d1859-1930 _xCharacters _xSherlock Holmes. |
| 600 | 1 | 0 |
_aBell, Joseph, _d1837-1911. |
| 600 | 1 | 0 | _aHolmes, Sherlock. |
| 650 | 0 |
_aSurgeons _zScotland _vBiography. |
|
| 650 | 0 |
_aBiography _9237 |
|
| 650 | 0 |
_aDetective and mystery stories, English _xHistory and criticism. |
|
| 653 | _aბიოგრაფია | ||
| 906 |
_a7 _bcbc _corigcop _d2 _encip _f20 _gy-gencatlg |
||
| 942 |
_2udc _cBK |
||
| 999 |
_c665 _d665 |
||